[Event "Brno op 12th"]
[Site "Brno"]
[Date "2023.11.14"]
[Round "5"]
[White "Husek, Martin"]
[Black "Moewisch, Dave"]
[Result "1-0"]
[WhiteElo "2245"]
[BlackElo "1916"]
[PlyCount "37"]
[EventDate "2023.11.11"]
[EventType "swiss"]
[EventRounds "9"]
[EventCountry "CZE"]
[SourceTitle "CB47_2023"]
[SourceDate "2023.11.22"]
[SourceVersion "1"]
[SourceVersionDate "2023.11.22"]
[SourceQuality "1"]

1. d4 Nf6 2. c4 e6 3. Nc3 Bb4 4. e3 0-0 5. Nf3 d5 6. Bd2 Re8 7. Rc1 b6 8. cxd5 exd5 9. Ne5 Bxc3 10. Bxc3 c5 11. Bb5 Bd7 12. Nxd7 Nbxd7 13. dxc5 Re4 14. c6 Nc5 15. c7 Qxc7 16. b4 a6 17. Be2 Rc8 18. bxc5 Qxc5 19. Bd2 1-0

[Event "Bremen Silvester op"]
[Site "Bremen"]
[Date "2021.12.27"]
[Round "1"]
[White "Lippert, Marc"]
[Black "Moewisch, Dave"]
[Result "0-1"]
[WhiteElo "1133"]
[BlackElo "1949"]
[PlyCount "55"]
[EventDate "2021.12.21"]
[EventType "swiss"]
[EventRounds "7"]
[EventCountry "GER"]
[SourceTitle "CBM 205 Extra"]
[Source "ChessBase"]
[SourceDate "2022.01.31"]
[SourceVersion "1"]
[SourceVersionDate "2022.01.31"]
[SourceQuality "1"]

1. d4 Nf6 2. Nf3 e6 3. a3 d5 4. c4 Be7 5. Nc3 0-0 6. Bg5 a6 7. e3 dxc4 8. Bxc4 b5 9. Bd3 Bb7 10. 0-0 Nbd7 11. e4 h6 12. Bxf6 Nxf6 13. e5 Nd5 14. Ne2 c5 15. Bc2 c4 16. a4 Nb4 17. Bb1 Qc7 18. Nc3 Qb6 19. Re1 Rfd8 20. Na2 Bxf3 21. Qxf3 Qxd4 22. Be4 Rab8 23. Qc3 Nxa2 24. Qxd4 Rxd4 25. Rxa2 Bb4 26. axb5 Bxe1 27. Rxa6 Rxe4 28. Ra3 0-1

[Event "GER-ch Net blitz qual2"]
[Site "Playchess.com INT"]
[Date "2021.05.04"]
[Round "6"]
[White "Azimov, Stanislav"]
[Black "Moewisch, Dave"]
[Result "1-0"]
[WhiteElo "1620"]
[BlackElo "1833"]
[PlyCount "79"]
[EventDate "2021.05.04"]
[EventType "swiss (blitz)"]
[EventRounds "11"]
[EventCountry "GER"]
[SourceTitle "CBM 202 Extra"]
[Source "ChessBase"]
[SourceDate "2021.07.31"]
[SourceVersion "1"]
[SourceVersionDate "2021.07.31"]
[SourceQuality "1"]

1. e4 c6 2. d4 d5 3. f3 e6 4. Qd3 Nf6 5. Nc3 Bb4 6. Bd2 0-0 7. 0-0-0 Qa5 8. a3 Bxc3 9. Bxc3 Qc7 10. e5 Nfd7 11. f4 c5 12. Nf3 cxd4 13. Nxd4 a6 14. Qg3 g6 15. h4 Nc5 16. Bd3 Nxd3+ 17. Rxd3 h5 18. Qg5 Nc6 19. g4 Qd8 20. gxh5 Qxg5 21. hxg5 Nxd4 22. Bxd4 b5 23. Rdh3 Kh7 24. hxg6+ Kxg6 25. Rh6+ Kf5 26. Rf6+ Ke4 27. Bc5 Rd8 28. Rxf7 d4 29. g6 d3 30. cxd3+ Rxd3 31. g7 Rg3 32. Bf8 a5 33. Rh8 Kd3 34. g8Q Rxg8 35. Rxg8 Ba6 36. Rfg7 Rc8+ 37. Kb1 b4 38. axb4 a4 39. Bc5 Bc4 40. Rxc8 1-0

[Event "GER-ch Net blitz qual2"]
[Site "Playchess.com INT"]
[Date "2021.05.04"]
[Round "3"]
[White "Moewisch, Dave"]
[Black "Speck, Stefan"]
[Result "1/2-1/2"]
[WhiteElo "1833"]
[BlackElo "1607"]
[PlyCount "84"]
[EventDate "2021.05.04"]
[EventType "swiss (blitz)"]
[EventRounds "11"]
[EventCountry "GER"]
[SourceTitle "CBM 202 Extra"]
[Source "ChessBase"]
[SourceDate "2021.07.31"]
[SourceVersion "1"]
[SourceVersionDate "2021.07.31"]
[SourceQuality "1"]

1. e4 e6 2. d4 d5 3. Nc3 Bb4 4. e5 c5 5. a3 Bxc3+ 6. bxc3 Qa5 7. Bd2 Qa4 8. Nf3 b6 9. Qb1 Ba6 10. Bxa6 Nxa6 11. 0-0 Ne7 12. Qb3 Qd7 13. a4 0-0 14. a5 Rab8 15. axb6 Rxb6 16. Qa3 c4 17. Rfb1 Rfb8 18. Rxb6 Rxb6 19. h3 h6 20. Qc1 Kh7 21. Ra2 Qb7 22. Ra1 Nc7 23. g4 a5 24. Kg2 Rb5 25. g5 h5 26. Nh4 g6 27. Qd1 Ne8 28. Qf3 Ng8 29. Bc1 Ng7 30. Ba3 Qd7 31. Qf4 Qe8 32. Nf3 Ne7 33. h4 Nef5 34. Bc5 Qb8 35. Qc1 Qb7 36. Qa3 Qb8 37. Bf8 Qb7 38. Bxg7 Kxg7 39. Qa4 Qb6 40. Qa3 Qb7 41. Qa4 Qb6 42. Qa3 Qb7 1/2-1/2

[Event "GER-ch Net blitz qual1"]
[Site "Playchess.com INT"]
[Date "2021.04.24"]
[Round "9"]
[White "Friemel, Reinhard"]
[Black "Moewisch, Dave"]
[Result "0-1"]
[WhiteElo "1626"]
[BlackElo "1855"]
[PlyCount "34"]
[EventDate "2021.04.24"]
[EventType "swiss (blitz)"]
[EventRounds "11"]
[EventCountry "GER"]
[SourceTitle "CBM 202 Extra"]
[Source "ChessBase"]
[SourceDate "2021.07.31"]
[SourceVersion "1"]
[SourceVersionDate "2021.07.31"]
[SourceQuality "1"]

1. e4 c6 2. d4 d5 3. Nc3 dxe4 4. Nxe4 Bf5 5. Ng3 Bg6 6. c3 Nf6 7. Bd3 e6 8. Bxg6 hxg6 9. N1e2 Bd6 10. Bf4 Nd5 11. Bxd6 Qxd6 12. Qc2 Nd7 13. Ne4 Qe7 14. 0-0-0 0-0-0 15. f4 N7f6 16. h3 Ne3 17. Qa4 Nxe4 0-1

[Event "GER-ch Net blitz qual1"]
[Site "Playchess.com INT"]
[Date "2021.04.24"]
[Round "4"]
[White "Moewisch, Dave"]
[Black "Zhou, Lepu Coco"]
[Result "0-1"]
[WhiteElo "1855"]
[BlackElo "1620"]
[PlyCount "50"]
[EventDate "2021.04.24"]
[EventType "swiss (blitz)"]
[EventRounds "11"]
[EventCountry "GER"]
[SourceTitle "CBM 202 Extra"]
[Source "ChessBase"]
[SourceDate "2021.07.31"]
[SourceVersion "1"]
[SourceVersionDate "2021.07.31"]
[SourceQuality "1"]

1. e4 e5 2. Nf3 Nc6 3. Bc4 Nf6 4. Ng5 d5 5. exd5 b5 6. Bf1 Nd4 7. c3 Nxd5 8. cxd4 Qxg5 9. Bxb5+ Bd7 10. Bxd7+ Kxd7 11. Qa4+ c6 12. 0-0 Nf4 13. g3 Ne2+ 14. Kh1 exd4 15. Qd1 Qd5+ 16. f3 Re8 17. d3 Bd6 18. Kg2 h5 19. Nd2 h4 20. Ne4 hxg3 21. hxg3 Nxg3 22. Nxg3 Bxg3 23. Kxg3 Qh5 24. Rh1 Qxh1 25. Qxh1 Rxh1 0-1

[Event "GER-ch Net blitz qual1"]
[Site "Playchess.com INT"]
[Date "2021.04.24"]
[Round "3"]
[White "Quante, Lennart"]
[Black "Moewisch, Dave"]
[Result "1-0"]
[WhiteElo "1620"]
[BlackElo "1855"]
[PlyCount "99"]
[EventDate "2021.04.24"]
[EventType "swiss (blitz)"]
[EventRounds "11"]
[EventCountry "GER"]
[SourceTitle "CBM 202 Extra"]
[Source "ChessBase"]
[SourceDate "2021.07.31"]
[SourceVersion "1"]
[SourceVersionDate "2021.07.31"]
[SourceQuality "1"]

1. e4 c6 2. Nc3 d5 3. Nf3 Nf6 4. e5 Ne4 5. Ne2 Bg4 6. Nf4 e6 7. h3 Bxf3 8. Qxf3 Nc5 9. d4 Ncd7 10. Bd3 c5 11. c3 Nc6 12. Be3 Be7 13. 0-0 0-0 14. Rad1 Bg5 15. Nh5 g6 16. Nf4 Qe7 17. g3 f6 18. exf6 Nxf6 19. Nxg6 hxg6 20. Bxg5 Qg7 21. dxc5 Ne5 22. Qe3 Nxd3 23. Rxd3 Qf7 24. Bxf6 Qxf6 25. Rd2 Qf5 26. Kg2 Rf6 27. Re2 Re8 28. Qe5 Qxe5 29. Rxe5 Kf7 30. Rfe1 a5 31. f4 Rc8 32. b4 a4 33. h4 Rc6 34. h5 gxh5 35. Rh1 Rh6 36. Rhxh5 Rxh5 37. Rxh5 b6 38. cxb6 Rxb6 39. f5 e5 40. Rh7+ Kg8 41. Rd7 Rb5 42. Kf3 Kf8 43. g4 Ke8 44. Ra7 d4 45. cxd4 exd4 46. Rxa4 Re5 47. Ra5 Re3+ 48. Kf4 Re2 49. Rd5 Rxa2 50. Rxd4 1-0

[Event "Pardubice Czech op-A 31st"]
[Site "Pardubice"]
[Date "2020.09.25"]
[Round "5"]
[White "Moewisch, Dave"]
[Black "Crevatin, Leo"]
[Result "0-1"]
[WhiteElo "1956"]
[BlackElo "2188"]
[PlyCount "48"]
[EventDate "2020.09.21"]
[EventType "swiss"]
[EventRounds "9"]
[EventCountry "CZE"]
[SourceTitle "CBM 198 Extra"]
[Source "ChessBase"]
[SourceDate "2020.11.30"]
[SourceVersion "1"]
[SourceVersionDate "2020.11.30"]
[SourceQuality "1"]

1. e4 c6 2. d4 d5 3. e5 c5 4. dxc5 e6 5. a3 Bxc5 6. Qg4 Kf8 7. Bd3 Nc6 8. Nf3 f6 9. exf6 Nxf6 10. Qg5 h6 11. Qg3 Bd6 12. Bf4 Bxf4 13. Qxf4 e5 14. Qg3 e4 15. Nh4 exd3 16. Ng6+ Kg8 17. 0-0 dxc2 18. Nd2 Bf5 19. Nxh8 Kxh8 20. Qf4 Bh7 21. Rfe1 Qb6 22. b4 Qd4 23. Qc7 Qxd2 24. Qxb7 Re8 0-1

[Event "GER Cup Net V3 U2000"]
[Site "Playchess.com INT"]
[Date "2020.05.27"]
[Round "1"]
[White "Moewisch, Dave"]
[Black "Hein, Ralf1111"]
[Result "1-0"]
[WhiteElo "1773"]
[BlackElo "1599"]
[PlyCount "113"]
[EventDate "2020.05.27"]
[EventType "swiss (blitz)"]
[EventRounds "9"]
[EventCountry "GER"]
[SourceTitle "EXT 2021"]
[Source "ChessBase"]
[SourceDate "2020.10.23"]
[SourceVersion "1"]
[SourceVersionDate "2020.10.23"]
[SourceQuality "1"]

1. e4 e5 2. Nf3 Nc6 3. Bc4 Be7 4. d4 d6 5. dxe5 Nxe5 6. Nxe5 dxe5 7. 0-0 Qxd1 8. Rxd1 Bg4 9. f3 Bc5+ 10. Kf1 Bh5 11. Nc3 Nf6 12. Bg5 0-0 13. Bxf6 gxf6 14. g4 Bg6 15. Nd5 Kg7 16. Nxc7 Rac8 17. Rd7 h5 18. h3 Bd6 19. Ne6+ Kh6 20. Nxf8 Rxc4 21. Rxd6 hxg4 22. hxg4 Rxc2 23. Rxf6 Kg7 24. Rxg6+ fxg6 25. Nd7 Rxb2 26. Nxe5 b5 27. Nd3 Rh2 28. Nf2 a6 29. Ke2 Rh8 30. Rc1 Rd8 31. Nd3 a5 32. Rc5 Rb8 33. a3 b4 34. axb4 axb4 35. Rc2 b3 36. Rb2 Kf6 37. Nc5 Rb5 38. Nxb3 Kg5 39. Rb1 Kf4 40. Nd2 Ra5 41. Rb6 Ra3 42. Rf6+ Kg5 43. e5 Ra5 44. Ne4+ Kh6 45. e6 Re5 46. Kd3 Kg7 47. Rf7+ Kh8 48. Re7 g5 49. Kd4 Ra5 50. Rf7 Ra4+ 51. Ke5 Ra5+ 52. Kf6 Ra6 53. Nxg5 Ra8 54. Rd7 Rf8+ 55. Nf7+ Kg8 56. Ke7 Ra8 57. Rd8+ 1-0

[Event "GER Cup Net V3 U2000"]
[Site "Playchess.com INT"]
[Date "2020.05.27"]
[Round "8"]
[White "Powalla, Christian"]
[Black "Moewisch, Dave"]
[Result "0-1"]
[WhiteElo "1727"]
[BlackElo "1773"]
[PlyCount "152"]
[EventDate "2020.05.27"]
[EventType "swiss (blitz)"]
[EventRounds "9"]
[EventCountry "GER"]
[SourceTitle "EXT 2021"]
[Source "ChessBase"]
[SourceDate "2020.10.23"]
[SourceVersion "1"]
[SourceVersionDate "2020.10.23"]
[SourceQuality "1"]

1. e4 c6 2. Ne2 d5 3. e5 Bg4 4. f3 Bd7 5. d4 e6 6. Ng3 h5 7. Bd3 h4 8. Ne2 c5 9. c3 Nc6 10. Be3 Qb6 11. b3 cxd4 12. Nxd4 Bc5 13. Be2 Nxe5 14. b4 Bxd4 15. Bxd4 Qc7 16. 0-0 Nf6 17. a4 Nc4 18. Na3 Nxa3 19. Rxa3 e5 20. Bc5 b6 21. Be3 h3 22. g3 0-0 23. Bg5 Nh5 24. Qxd5 Bc6 25. Qc4 e4 26. f4 Qb7 27. b5 Bd5 28. Qd4 f6 29. Bh4 Bf7 30. g4 Rad8 31. Qe3 Rd3 32. Bxd3 exd3 33. Qf3 Qe7 34. gxh5 Qxa3 35. Qxd3 Qxa4 36. h6 Bc4 37. Qg3 Rf7 38. hxg7 Rxg7 39. Qxg7+ Kxg7 40. Rf3 Bd5 41. Rxh3 Kf7 42. Rg3 Qd1+ 43. Kf2 Qd2+ 44. Kf1 Bc4+ 45. Kg1 Qe1+ 46. Kg2 Qe4+ 47. Kg1 Qxf4 48. Bxf6 Qxf6 49. Rg2 Qxc3 50. Rf2+ Ke7 51. Kg2 Bd5+ 52. Kg1 Qe3 53. h4 Bc4 54. h5 Bxb5 55. Kg2 Qxf2+ 56. Kxf2 Bd3 57. Ke3 Bh7 58. Kd4 Kd6 59. Kc4 a6 60. Kb4 Kc6 61. Ka4 Kc5 62. Kb3 b5 63. Ka3 a5 64. Kb3 Kd4 65. h6 Bg8+ 66. Ka3 Kc4 67. h7 Bxh7 68. Kb2 b4 69. Ka1 Bg8 70. Kb2 a4 71. Ka1 b3 72. Kb2 Kb4 73. Kb1 a3 74. Ka1 b2+ 75. Kb1 Bh7+ 76. Ka2 b1Q# 0-1